000 00226nam a2200097Ia 4500
008 240331s9999 xx 000 0 und d
082 _bVAA
100 _aVaanamamalai, N
245 0 _aIllakiyathil uladakkamum uruvamum
942 _cL
999 _c3671
_d3671